Microsimulation modelling of the corporate firm : exploring micro-macro economic relations
Αποθηκεύτηκε σε:
| Κύριος συγγραφέας: | |
|---|---|
| Μορφή: | Βιβλίο |
| Γλώσσα: | English |
| Δημοσίευση: |
Berlin ; New York :
Springer-Verlag,
c1995
|
| Σειρά: | Lecture notes in economics and mathematical systems ;
; 427 |
| Θέματα: | |
| Ετικέτες: |
Προσθήκη ετικέτας
Δεν υπάρχουν, Καταχωρήστε ετικέτα πρώτοι!
|
MARC
| LEADER | 00000nam a2200000 i 4500 | ||
|---|---|---|---|
| 001 | 1/105944 | ||
| 008 | 000329s1995 eng d | ||
| 020 | |a 3-540-59443-4 | ||
| 035 | |l 10059443 | ||
| 040 | |a GR-MY-UA |b gre |e aacr | ||
| 041 | 0 | |a eng | |
| 082 | 0 | |a 338.5015118 | |
| 100 | 1 | |a Tongeren, F. W. van. | |
| 245 | 1 | 0 | |a Microsimulation modelling of the corporate firm : |b exploring micro-macro economic relations / |c Frank W.van Tongeren |
| 260 | |a Berlin ; New York : |b Springer-Verlag, |c c1995 | ||
| 300 | |a xvi, 275 p.; |b ill.; |c 24 cm. | ||
| 490 | 1 | |a Lecture notes in economics and mathematical systems |v ; 427 | |
| 504 | |a Includes bibliographical references and indexes | ||
| 650 | 0 | 0 | |a Business enterprises |x Mathematical models. |
| 650 | 0 | 0 | |a Microeconomics |x Mathematical models. |
| 830 | 0 | |a Lecture notes in economics and mathematical systems ; |v ; 427 | |
| 852 | |a INST |b SAMOS |e 20000329 |h 338.5015118 TON |p 005300017806 |q 005300017806 |t BK |y 0 | ||
| 901 | |a BIBL3-2000-1 | ||
| 909 | |a Σ |b 076932 | ||
| 922 | |a 3ΕΛΗ |b 200003 |c ΚΠΣ |d ΠΑΠΑΣΩΤΗΡΙΟΥ | ||
| 950 | |a 116-2000-01-12 | ||
| 970 | |a ΚΟΣΙΕΡΗΣ |b ΧΡΗΣΤΟΣ |z 2000/04/14 | ||